000 01395nam0a22003011 4500
001 v19\rc\2110430
005 20260407090847.0
035 _a(NLR Aleph) 005279473
090 _a6082976
_c6082976
100 _a20090914d1806 |||y0rusy50 ca
101 0 _arus
_alat
102 _aRU
140 _ay y ffkc yaa0000
200 1 _aЛатинская учебная книга
_eДля начинающих учиться латинскому языку.
_eС начальными основаниями грамматики и кратким словарем.
_eИздана от Главнаго училищ правления
210 _aВ Санктпетербурге
_cпри Императорской Академии наук
_d1806
215 _a360 с.
_d
300 _aАвт. установлен по изд.: Каталог русских книг Библиотеки С.-Петерб. ун-та. Т. 1
321 1 _aСК 1801-1825 1513
620 _dСанкт-Петербург
700 1 _aГедике
_bФ.
_f1754-1803
_gФридрих
712 0 2 _4610
_aАкадемическая типография
_cПетербург
_3RU\NLR\AUTH\8815379
_9303965
801 0 _aRU
_bNLR
_c20090914
_gpsbo
801 1 _aRU
_bProSoft-M
_c20090914
_2rusmarc
801 2 _aRU
_bNLR
_c20101025
_2rusmarc
852 _aNLR
_j18.78.5.20
942 _cBOOK
980 _aNB